| 000 | 01059nam a2200241Ia 4500 | ||
|---|---|---|---|
| 003 | GCL | ||
| 005 | 20240530104523.0 | ||
| 008 | 140319s9999 xx 000 0 ara d | ||
| 040 |
_aGCL / _cGCL |
||
| 082 | 0 | 4 |
_a956.7 _bح ع |
| 100 | 1 | _aحنا بطاطو | |
| 245 | 1 | 0 |
_aالعراق: _bك1 الطبقات الاجتماعية والحركات الثورية من العهد العثمانى حتى قيام الجمهورية , ك2 الحزب الشيوعى , ك 3الشيوعيون والبعثيون والضباط الاحرار / _cحنا بطاطو ؛ ترجمة عفيف الرزاز |
| 250 | _aط1 | ||
| 260 |
_aبيروت : _bموسسة الابخاث العربية ، _c1990 |
||
| 300 |
_a3 جزء × مج ؛ _c24 سم |
||
| 650 | 0 | 4 | _aالاحوال الاجتماعية |
| 650 | 0 | 4 | _aالاحوال السياسية |
| 650 | 0 | 4 | _aالاحزاب السياسية |
| 650 | 0 | 4 | _aالعراق - تاريخ - العصر الحديث |
| 650 | 0 | 4 | _aالحزب الشيوعى |
| 700 | 1 |
_aعفيف الرزاز _eمترجم |
|
| 942 |
_2ddc _cBK |
||
| 999 |
_c48313 _d48313 |
||